|
|
|
|
| LEADER |
00000nam0a2200000 4500 |
| 001 |
297146 |
| 005 |
20231102000958.0 |
| 020 |
|
|
|a RU
|b 84-51566
|
| 035 |
|
|
|a (RuTPU)RU\TPU\book\322266
|
| 090 |
|
|
|a 297146
|
| 100 |
|
|
|a 20150605d1984 k y0rusy5003 ca
|
| 101 |
0 |
|
|a rus
|
| 102 |
|
|
|a RU
|
| 105 |
|
|
|a a z 001zy
|
| 200 |
1 |
|
|a Текстуры и структуры руд месторождений колчеданной формации Южного Урала
|f Г. Н. Пшеничный
|g Академия наук СССР (АН СССР), Башкирский филиал (БФ), Институт геологии (ИГ) ; под ред. Т. Н. Шадлун
|
| 210 |
|
|
|a Москва
|c Наука
|d 1984
|
| 215 |
|
|
|a 207 с.
|c ил.
|
| 320 |
|
|
|a Библиогр.: с. 43-46
|
| 606 |
|
|
|a Колчеданные месторождения
|2 stltpush
|3 (RuTPU)RU\TPU\subj\14784
|9 41117
|
| 610 |
1 |
|
|a геологическое строение
|
| 610 |
1 |
|
|a Южный Урал
|
| 610 |
1 |
|
|a вещественный состав
|
| 610 |
1 |
|
|a формирование
|
| 610 |
1 |
|
|a текстуры
|
| 610 |
1 |
|
|a структуры
|
| 610 |
1 |
|
|a таблицы
|
| 675 |
|
|
|a 553.4
|v 3
|
| 700 |
|
1 |
|a Пшеничный
|b Г. Н.
|g Георгий Николаевич
|
| 702 |
|
1 |
|a Шадлун
|b Т. Н.
|4 340
|
| 712 |
0 |
2 |
|a Академия наук СССР (АН СССР)
|b Башкирский филиал (БФ)
|b Институт геологии (ИГ)
|c (Уфа)
|c (1968-1988)
|2 stltpush
|3 (RuTPU)RU\TPU\col\10647
|
| 801 |
|
0 |
|a RU
|b RuMRKP
|c 19950704
|g psbo
|
| 801 |
|
1 |
|a RU
|b 63413507
|c 20150605
|
| 801 |
|
2 |
|a RU
|b 63413507
|c 20180601
|g RCR
|
| 942 |
|
|
|c BK
|